[Event "Mechanics' Peter Grey TNM; G/2 d5"]
[Site "San Francisco"]
[Date "2017.08.22"]
[Round "3.25"]
[White "Porlares, Teodoro"]
[Black "White, Benjamin M"]
[Result "1-0"]
[WhiteElo "1861"]
[BlackElo "1470"]
[PlyCount "71"]
[EventDate "2017.??.??"]

1. d4 f5 2. g3 Nf6 3. Bg2 e6 4. e3 Bd6 5. c4 Bb4+ 6. Bd2 Qe7 7. Qb3 Nc6 8. Ne2
Ne4 9. Bxe4 fxe4 10. Nbc3 Na5 11. Qc2 Nxc4 12. Nxe4 Bxd2+ 13. Nxd2 Nxd2 14.
Qxd2 b6 15. O-O Ba6 16. Rfc1 d6 17. Nf4 O-O 18. d5 Bc8 19. Nxe6 Bxe6 20. dxe6
c5 21. Qd5 Rad8 22. f4 Rf6 23. f5 g6 24. e4 gxf5 25. exf5 Kh8 26. Rf1 Qe8 27.
g4 Qa4 28. h3 h5 29. g5 Rg8 30. g6 Qh4 31. Qg2 Kg7 32. Rae1 Kh6 33. e7 Rfxg6
34. fxg6 Rxg6 35. Qxg6+ Kxg6 36. e8=Q+ 1-0

[Event "Mechanics' Peter Grey TNM; G/2 d5"]
[Site "San Francisco"]
[Date "2017.09.26"]
[Round "8.9"]
[White "Porlares, Teodoro"]
[Black "Wong, Russell"]
[Result "0-1"]
[WhiteElo "1861"]
[BlackElo "2200"]
[PlyCount "92"]
[EventDate "2017.??.??"]

1. d4 Nf6 2. c4 e6 3. Nf3 Bb4+ 4. Nc3 c5 5. e3 Nc6 6. a3 Bxc3+ 7. bxc3 O-O 8.
Bd3 d6 9. O-O e5 10. d5 Ne7 11. e4 h6 12. h3 g5 13. Nh2 Ng6 14. g4 Kh8 15. Kh1
Nf4 16. Bxf4 gxf4 17. f3 Rg8 18. Qe1 Nh7 19. h4 h5 20. Rg1 Bd7 21. g5 f6 22.
gxf6 Qxf6 23. Qf2 Rxg1+ 24. Rxg1 Rg8 25. Rxg8+ Kxg8 26. Nf1 Nf8 27. Nd2 Ng6 28.
Bf1 b6 29. Kh2 Nxh4 30. Bh3 Bxh3 31. Kxh3 Ng6 32. Nf1 Qe7 33. Kh2 Kg7 34. Kh1
Kh6 35. Nh2 Qd7 36. Qc2 Qh3 37. Qg2 Qg3 38. Qxg3 fxg3 39. Nf1 h4 40. Ne3 Ne7
41. Kg2 Kg5 42. Ng4 Ng6 43. Ne3 Nf4+ 44. Kg1 h3 45. a4 Ne2+ 46. Kh1 Kf4 0-1

[Event "Mechanics' Fall TNM; G/2 d5"]
[Site "San Francisco"]
[Date "2017.11.28"]
[Round "6.14"]
[White "Porlares, Teodoro"]
[Black "Wong, Russell"]
[Result "0-1"]
[WhiteElo "1854"]
[BlackElo "2200"]
[Annotator "Donaldson"]
[PlyCount "92"]
[EventDate "2017.??.??"]

1. e4 c5 2. Nf3 a6 3. a4 $6 {This is a wasted move.} (3. c3) (3. c4 {and}) (3.
Nc3 {are all better chances to obtain an advantage.}) 3... d6 4. d4 cxd4 5.
Nxd4 Nf6 6. Nc3 g6 {
Transposing into a Dragon makes a lot of sense with a4 and ...a6 thrown in.} 7.
Bc4 Bg7 8. O-O O-O 9. Kh1 $2 (9. Re1) 9... Nxe4 $1 10. Bxf7+ Rxf7 11. Nxe4 Nc6
12. Nb3 h6 (12... d5 13. Ng5 Rf8 14. f4 Bh6 15. c3 Bxg5 16. fxg5 Rxf1+ 17. Qxf1
e5) 13. a5 Be6 14. c3 Rf5 $1 15. Ng3 Rb5 16. Nd4 Nxd4 17. cxd4 Rxa5 18. Ra3
Rxa3 19. bxa3 Rc8 20. Re1 Bf7 21. Qe2 Rc4 22. Rd1 Qc7 23. Be3 b5 24. h3 Rc3 25.
Qd2 Kh7 26. Qb2 Rb3 27. Qc1 Qxc1 28. Bxc1 Rb1 29. Ne2 Bb3 30. Re1 Bc4 31. Nc3
Ra1 32. Kh2 Bxd4 33. Rxe7+ Kg8 34. Bb2 Rf1 35. f4 Rxf4 36. Ne2 Bxe2 37. Rxe2
Bxb2 38. Rxb2 Kf7 39. Kg3 Rc4 40. Rb3 Ke6 41. Kf3 d5 42. Re3+ Kd6 43. g3 d4 44.
Rd3 Rc3 45. Ke4 Rxd3 46. Kxd3 Kc5 0-1

[Event "Mechanics' Winter TNM; G/2"]
[Site "San Francisco"]
[Date "2017.01.17"]
[Round "3.17"]
[White "Pryor, Jamieson"]
[Black "Malykin, Erika"]
[Result "0-1"]
[WhiteElo "2015"]
[BlackElo "1567"]
[PlyCount "98"]
[EventDate "2017.??.??"]

1. d4 Nf6 2. c4 c5 3. d5 d6 4. Nc3 g6 5. Nf3 Bg7 6. g3 O-O 7. Bg2 Bf5 8. Nd2
Qc8 9. h3 Na6 10. e4 Bd7 11. Qc2 Nb4 12. Qb1 Nh5 13. a3 Na6 14. Qc2 f5 15. b3
Nc7 16. Bb2 a6 17. Ne2 Bf6 18. f4 fxe4 19. O-O-O b5 20. Rdf1 bxc4 21. bxc4 Rb8
22. Bxf6 Nxf6 23. Nxe4 Nxe4 24. Bxe4 Ne8 25. g4 Ng7 26. Ng3 Qe8 27. f5 Ba4 28.
Qg2 Rb3 29. Rf3 Rxf3 30. Qxf3 Bd7 31. Rg1 Qf7 32. Qe3 Qf6 33. fxg6 hxg6 34. Kd2
Qb2+ 35. Bc2 e6 36. Rb1 Qa2 37. Qb3 Qxb3 38. Rxb3 Ba4 39. Re3 Rf2+ 40. Ne2 Bxc2
41. Kxc2 Kf7 42. Kb3 exd5 43. cxd5 Ne8 44. Nc3 Rf4 45. Ne4 Kf8 46. Ng5 Rf1 47.
Ne6+ Kf7 48. Ka4 Rd1 49. Nf4 Nc7 0-1

[Event "Mechanics' Winter TNM; G/2"]
[Site "San Francisco"]
[Date "2017.01.03"]
[Round "1.14"]
[White "Pryor, Jamieson"]
[Black "Robertson, Guy R"]
[Result "1-0"]
[WhiteElo "2015"]
[BlackElo "1421"]
[Annotator "Donaldson"]
[PlyCount "103"]
[EventDate "2017.??.??"]

1. d4 Nf6 2. c4 d6 3. Nc3 Nbd7 4. e4 e5 5. Nf3 Be7 6. Be2 O-O 7. h3 c6 8. Be3
a5 9. Qc2 Re8 10. O-O Nf8 11. Rfd1 Qc7 12. Rac1 Ng6 13. a3 Bd7 14. b4 axb4 15.
axb4 Ra3 16. c5 exd4 17. Bxd4 dxc5 18. bxc5 Nf4 19. Bf1 Be6 20. Rb1 Rea8 21.
Rb6 Nd7 22. Rb2 Bf6 23. Bxf6 Nxf6 24. Rdb1 Bc8 25. Ne2 Nxe2+ 26. Bxe2 Ra1 27.
Bc4 Rxb1+ 28. Rxb1 Ra3 29. Ng5 Be6 30. Nxe6 fxe6 31. Bxe6+ Kf8 32. Bb3 Qe7 33.
Qc4 Ra5 34. Rd1 Ke8 (34... Rxc5 35. Rd8+ Qxd8 36. Qf7#) 35. Rc1 h6 36. f3 Kd7
37. Qd4+ Kc7 38. e5 Nd7 39. Qd6+ Qxd6 40. cxd6+ Kd8 41. f4 Nc5 42. Bd1 Nd3 43.
Rc3 Nxf4 44. Rf3 Ne6 45. Re3 Ra1 46. Re1 Kd7 47. Kf1 c5 48. Bg4 Rxe1+ 49. Kxe1
b5 50. h4 g5 51. hxg5 hxg5 52. Kd2 1-0

[Event "Mechanics' Fall TNM; G/2 d5"]
[Site "San Francisco"]
[Date "2017.11.21"]
[Round "5.22"]
[White "Rakonitz, David"]
[Black "Anderson, Michael"]
[Result "0-1"]
[WhiteElo "1583"]
[BlackElo "1900"]
[Annotator "Donaldson"]
[PlyCount "96"]
[EventDate "2017.??.??"]

1. d4 f5 2. Bg5 c6 3. e3 g6 4. Nd2 Bg7 5. Bd3 Nf6 6. Ngf3 O-O 7. O-O d6 8. c4
Be6 9. b4 Nbd7 10. c5 d5 11. b5 Ne4 12. Bf4 Kh8 13. Rc1 Bf6 14. Bg3 Nxg3 15.
hxg3 Bg8 16. Qa4 Qc7 17. Rb1 Rfe8 18. bxc6 bxc6 19. Ba6 Rab8 20. Nb3 e5 21. Na5
Rxb1 22. Rxb1 Rb8 23. Rb7 Rxb7 24. Bxb7 exd4 25. exd4 Nb8 26. Bxc6 $1 Bd8 {
Diagram [#]} 27. Qb5 $2 (27. Ba8 $1 Qxa5 28. Qe8 $1 Kg7 29. Qe5+) 27... a6 $1
28. Qb7 Qxb7 29. Bxb7 Bxa5 30. Kf1 Kg7 31. Ke2 Kf6 32. Ne5 Ke7 33. f3 Bc7 34.
f4 Kd8 35. Nc6+ Nxc6 36. Bxc6 Kc8 37. Ba4 Kb8 38. Bc6 Be6 39. Ba4 Ba5 40. Bc6
Kc7 41. Ba4 Bd7 42. Bxd7 Kxd7 43. a4 Kc6 44. Ke3 Bc3 45. Kd3 Be1 46. g4 fxg4
47. Ke2 Bg3 48. Ke3 h5 0-1

[Event "Mechanics' Fall TNM; G/2 d5"]
[Site "San Francisco"]
[Date "2017.12.12"]
[Round "8.16"]
[White "Rakonitz, David"]
[Black "Boldi, Ethan"]
[Result "1/2-1/2"]
[WhiteElo "1583"]
[BlackElo "1892"]
[Annotator "Donaldson"]
[PlyCount "117"]
[EventDate "2017.??.??"]

1. d4 e6 2. Nf3 Nf6 3. c4 c5 4. d5 d6 5. Nc3 Be7 $6 (5... exd5) 6. e4 O-O 7.
Be2 Nbd7 8. O-O a6 9. a4 Qc7 10. b3 Ne5 11. Nd2 exd5 12. cxd5 Ng6 13. Nc4 Nd7
14. f4 Bf6 15. Bb2 Bd4+ 16. Kh1 Rb8 17. Nb1 b5 18. Bxd4 bxc4 19. Bc3 cxb3 20.
Bc4 b2 21. Ra2 Nb6 22. Ba5 Qe7 23. Qc2 Nxc4 24. Qxc4 Qh4 25. Bd2 Qg4 26. g3 Qh3
27. Bc3 Bg4 28. Rxb2 Rxb2 29. Bxb2 Rb8 30. Rf2 Rb4 (30... Bf3+ $1 31. Kg1 Qg4
32. Kf1 f5 $17) 31. Qc3 Rd4 $6 (31... f6) 32. Nd2 $11 Qh5 33. Kg1 Bh3 34. Qc2
Rb4 (34... Rd3 $1 35. Qxd3 Qd1+ 36. Rf1 Bxf1 37. Qxf1 Qxd2) 35. Bc3 Rb8 36. Nc4
$16 Qg4 37. Ne3 (37. Nxd6) 37... Qd7 38. Re2 Qb7 39. Kf2 Re8 40. Nc4 Qd7 41.
Qb3 Qa7 42. Qb6 Qxb6 43. Nxb6 Rb8 44. Rb2 Ne7 45. Nc4 Rxb2+ 46. Bxb2 Nc8 47.
Bc3 Bd7 48. a5 Bb5 49. Nb6 Ne7 50. e5 Nf5 51. g4 Nh6 52. h3 f5 53. g5 Nf7 54.
e6 Nd8 55. e7 Nb7 56. Na8 Kf7 57. Nc7 Ba4 (57... Kxe7 58. Nxb5 axb5 59. a6) 58.
Nxa6 Kxe7 59. Nc7 {Black ended up having to sacrifice his knight for the
a-pawn and was only able to salvage a draw due to White's extreme time
pressure. The remaining moves were not recorded.} 1/2-1/2

[Event "Mechanics' Summer TNM; G/2 d5"]
[Site "San Francisco"]
[Date "2017.05.23"]
[Round "1.34"]
[White "Rakonitz, David"]
[Black "Boldi, Nicholas"]
[Result "1-0"]
[WhiteElo "1750"]
[BlackElo "1115"]
[PlyCount "43"]
[EventDate "2017.??.??"]

1. d4 e6 2. Nf3 d5 3. c4 Nf6 4. Nc3 Bd7 $2 (4... Nbd7) 5. Bg5 Be7 6. Bxf6 Bxf6
7. cxd5 c6 8. dxe6 Bxe6 9. e3 Qb6 10. Qc2 Nd7 11. Bd3 a6 12. O-O Nf8 13. Na4
Qc7 14. Nc5 Bg4 15. Be2 Bxf3 16. Bxf3 Qe7 17. Nxb7 Nd7 18. Qxc6 O-O 19. Qd6 Qe8
20. Nc5 Rb8 21. Bc6 Be7 22. Bxd7 {
White went on to win. Remaining moves unavailable.} 1-0

[Event "Mechanics' Summer TNM; G/2 d5"]
[Site "San Francisco"]
[Date "2017.06.20"]
[Round "5.42"]
[White "Rakonitz, David"]
[Black "Capdeville, Barry"]
[Result "1-0"]
[WhiteElo "1750"]
[BlackElo "1177"]
[PlyCount "63"]
[EventDate "2017.??.??"]

1. d4 d5 2. Nf3 e6 3. c4 Nf6 4. Nc3 Be7 5. Bg5 O-O 6. e3 b6 7. cxd5 exd5 8. Bd3
Ba6 9. O-O Bxd3 10. Qxd3 Nbd7 11. Ne5 Nxe5 12. dxe5 Ng4 13. Bxe7 Qxe7 14. f4 c6
15. Rf3 f5 16. h3 Nh6 17. Qe2 Qh4 18. Qf2 Qxf2+ 19. Rxf2 Rae8 20. Rc1 Re6 21.
Rfc2 Nf7 22. b4 Rd8 23. Ne2 Rc8 24. Nd4 Ree8 25. Rxc6 Rxc6 26. Rxc6 Nd8 27. Rc7
Ne6 28. Nxe6 Rxe6 29. b5 Kf8 30. Rxa7 Re7 31. Rxe7 Kxe7 32. Kf2 1-0

[Event "Mechanics' Spring TNM; G/2"]
[Site "San Francisco"]
[Date "2017.05.02"]
[Round "8.25"]
[White "Rakonitz, David"]
[Black "Capdeville, Barry"]
[Result "1-0"]
[WhiteElo "1717"]
[BlackElo "1177"]
[Annotator "Donaldson"]
[PlyCount "73"]
[EventDate "2017.??.??"]

1. d4 d5 2. Nf3 Nf6 3. c4 e6 4. Nc3 Be7 5. Bg5 O-O 6. e3 Re8 7. Bd3 Nbd7 8. O-O
Nf8 9. Ne5 dxc4 10. Bxc4 Nd5 11. Bxe7 Rxe7 12. Rc1 Nxc3 13. Rxc3 Nd7 14. f4
Nxe5 15. fxe5 b6 16. Qf3 Rb8 17. b4 Bb7 18. Qf4 Qd7 19. Rfc1 Rf8 20. Qg4 f5 21.
Qg3 f4 22. Qg4 f3 23. gxf3 Bxf3 24. Qh3 Be4 25. Rf1 Rxf1+ 26. Bxf1 Qa4 27. Bc4
$2 (27. Qh4 Rf7 28. Qxe4 Rxf1+ 29. Kxf1 Qd1+ 30. Kf2 Qd2+ $11) 27... Qd1+ 28.
Bf1 Kh8 $4 {Diagram [#]} (28... Qe1 29. Rc4 Rf7 {wins}) 29. Qh4 {double attack}
h6 30. Qxe7 Qg4+ 31. Kf2 Qf3+ 32. Ke1 Qh1 33. Qf8+ Kh7 34. Qf2 Qf3 35. Qxf3
Bxf3 36. Bd3+ Kg8 37. Rxc7 1-0

[Event "Mechanics' Fall TNM; G/2 d5"]
[Site "San Francisco"]
[Date "2017.11.07"]
[Round "3.50"]
[White "Rakonitz, David"]
[Black "Carrel, Nick"]
[Result "1-0"]
[WhiteElo "1583"]
[BlackElo "1030"]
[PlyCount "93"]
[EventDate "2017.??.??"]

1. d4 Nf6 2. Nf3 e6 3. c4 c5 4. d5 d6 5. Nc3 Be7 6. e4 exd5 7. cxd5 a6 8. a4
O-O 9. Be2 Ne8 10. O-O f5 11. e5 dxe5 12. Nxe5 Nd7 13. Nc4 Ndf6 14. Bf4 Nd6 15.
Re1 Ng4 16. h3 Nf6 17. Qb3 Nf7 18. Rad1 Ne4 19. Bf3 Ned6 20. Nb1 b5 21. axb5
axb5 22. Nxd6 Nxd6 23. Bxd6 Bxd6 24. Qxb5 Rb8 25. Qe2 Bd7 26. Nc3 Qg5 27. Qd2
f4 28. Ne4 Qg6 29. Nxd6 Qxd6 30. Qc3 Qg6 31. Kh1 Rbe8 32. Qxc5 Rxe1+ 33. Rxe1
Re8 34. Rxe8+ Qxe8 35. Qc1 Qe5 36. Qd2 Qd6 37. Be2 Bxh3 38. gxh3 Qh6 39. Bg4
Qg5 40. Be6+ Kh8 41. d6 Qe5 42. d7 h5 43. d8=Q+ Kh7 44. Bg8+ Kh6 45. Q8d6+ Qf6
46. Qxf6+ gxf6 47. Qxf4+ 1-0

[Event "Mechanics' Peter Grey TNM; G/2 d5"]
[Site "San Francisco"]
[Date "2017.08.22"]
[Round "3.10"]
[White "Rakonitz, David"]
[Black "Fuentes, Romulo C"]
[Result "0-1"]
[WhiteElo "1623"]
[BlackElo "2203"]
[PlyCount "88"]
[EventDate "2017.??.??"]

1. d4 Nf6 2. Nf3 c5 3. d5 e6 4. c4 exd5 5. cxd5 Bd6 6. Nc3 O-O 7. Bg5 Re8 8. e3
h6 9. Bh4 a6 10. a4 Qe7 11. Bd3 Bc7 12. O-O d6 13. h3 Nbd7 14. e4 Rb8 15. Ra3
Ba5 16. Nd2 Ne5 17. Be2 Bb4 18. Rb3 g5 19. Bg3 Bd7 20. f3 Nh5 21. Bh2 Nf4 22.
Bxf4 gxf4 23. Nc4 Kh7 24. Nb6 Rg8 25. Nxd7 Qxd7 26. Kh2 Qe7 27. Qe1 Rg3 28. Qf2
Rbg8 29. Rg1 Qh4 30. Qf1 f6 31. Na2 a5 32. Nc3 c4 33. Rxb4 axb4 34. Nb5 Nf7 35.
Bxc4 Ng5 36. Nxd6 Nxh3 37. Nf5 Qh5 38. gxh3 Rxg1 39. Qxg1 Rxg1 40. Kxg1 Qxf3
41. d6 Qxe4 42. d7 Qe1+ 43. Bf1 Qd1 44. Nd4 Qxd4+ 0-1

[Event "Mechanics' Fall TNM; G/2 d5"]
[Site "San Francisco"]
[Date "2017.10.24"]
[Round "1.10"]
[White "Rakonitz, David"]
[Black "Ivanov, Aleksandr"]
[Result "0-1"]
[WhiteElo "1583"]
[BlackElo "2143"]
[PlyCount "60"]
[EventDate "2017.??.??"]

1. d4 d5 2. Nf3 c6 3. c4 e6 4. Nc3 dxc4 5. a4 Bb4 6. e4 b5 7. Bd2 a5 8. axb5
Bxc3 9. bxc3 cxb5 10. Be2 Nf6 11. Bg5 Qc7 12. Nd2 Nbd7 13. O-O e5 14. f4 exd4
15. cxd4 O-O 16. Bf3 Bb7 17. d5 a4 18. Qc2 c3 19. Nb1 Rfc8 20. Rc1 a3 21. Qb3
Qb6+ 22. Kh1 b4 23. Nxa3 Rxa3 24. Rxa3 bxa3 25. Qxa3 Qb2 26. Qa1 Nc5 27. Bxf6
gxf6 28. Qb1 Qxb1 29. Rxb1 c2 30. Rc1 Nd3 0-1

[Event "Mechanics' Winter TNM; G/2"]
[Site "San Francisco"]
[Date "2017.01.31"]
[Round "5.28"]
[White "Rakonitz, David"]
[Black "James, Charles"]
[Result "1-0"]
[WhiteElo "1717"]
[BlackElo "1435"]
[Annotator "Donaldson"]
[PlyCount "42"]
[EventDate "2017.??.??"]

1. d4 d5 2. Nf3 Nf6 3. c4 c6 4. Nc3 dxc4 5. a4 Bf5 6. e3 e6 7. Bxc4 Bb4 8. O-O
Nbd7 9. Nh4 Bg6 10. e4 Nxe4 $2 (10... Bxe4) 11. Nxg6 Nxc3 (11... hxg6 12. Nxe4
Qh4 13. f3) 12. bxc3 Bxc3 13. Nxh8 Bxa1 14. Be3 (14. Bxe6) 14... Bc3 15. Qb3
Ba5 16. Nxf7 Kxf7 17. Bxe6+ Kf8 18. Qxb7 Bc7 19. Qxc6 Rc8 20. Qxd7 Qxd7 21.
Bxd7 Rd8 1-0

[Event "Mechanics' Spring TNM; G/2"]
[Site "San Francisco"]
[Date "2017.03.21"]
[Round "2.15"]
[White "Rakonitz, David"]
[Black "Krasnov, Steven"]
[Result "0-1"]
[WhiteElo "1717"]
[BlackElo "2043"]
[PlyCount "103"]
[EventDate "2017.??.??"]

1. d4 Nf6 2. Nf3 b6 3. c4 e6 4. a3 Bb7 5. Nc3 d6 6. d5 exd5 7. cxd5 g6 8. e4
Bg7 9. Bd3 Nbd7 10. O-O O-O 11. Bg5 Re8 12. Re1 a6 13. Rc1 h6 14. Bh4 b5 15. b4
Ne5 16. Nxe5 dxe5 17. Bc2 Qd6 18. f3 Rad8 19. Bb3 Rd7 20. Bf2 Nh5 21. Bc5 Qf6
22. g3 Qg5 23. Kf2 Kh7 24. Be3 Qd8 25. Bc2 c6 26. Bb3 Nf6 27. Re2 cxd5 28. exd5
Bxd5 29. Nxd5 Nxd5 30. Bxd5 Rxd5 31. Rd2 Rxd2+ 32. Qxd2 Qxd2+ 33. Bxd2 e4 34.
Rc7 Kg8 35. Rc6 exf3 36. Kxf3 Re6 37. Rc8+ Kh7 38. Rc7 Rf6+ 39. Ke2 g5 40. Bc3
Re6+ 41. Kf3 f6 42. g4 Kg6 43. h3 Bf8 44. Rd7 Bd6 45. Rd8 Bf4 46. Rd3 h5 47.
Kf2 hxg4 48. hxg4 Bc1 49. Ba1 Rc6 50. Kf3 Bf4 51. Bc3 Rc4 52. Ke2 {
and Black later won. Remaining moves unavailable.} 0-1

[Event "Mechanics' Peter Grey TNM; G/2 d5"]
[Site "San Francisco"]
[Date "2017.09.12"]
[Round "6.15"]
[White "Rakonitz, David"]
[Black "Maser, Thomas F"]
[Result "0-1"]
[WhiteElo "1623"]
[BlackElo "1921"]
[PlyCount "92"]
[EventDate "2017.??.??"]

1. d4 Nf6 2. Nf3 e6 3. c4 Bb4+ 4. Bd2 a5 5. a3 Bxd2+ 6. Qxd2 b6 7. Nc3 Bb7 8.
e3 O-O 9. Be2 Qe7 10. O-O d6 11. Qc2 Nbd7 12. e4 c5 13. d5 e5 14. Nd2 h6 15. f4
exf4 16. Rxf4 Ne5 17. Raf1 Bc8 18. h3 Bd7 19. Qd1 Ng6 20. R4f2 Qe5 21. Nf3 Qg3
22. Kh1 Rae8 23. Bd3 Nf4 24. Bc2 N6h5 25. Nd2 Re5 26. Qf3 Qg6 27. g4 Nxh3 28.
gxh5 Nxf2+ 29. Rxf2 Rxh5+ 30. Rh2 Bg4 31. Qf4 Rg5 32. Rg2 Re8 33. Nf3 Qh5+ 34.
Kg1 Bxf3 35. Rxg5 hxg5 36. Qxd6 Qh1+ 37. Kf2 Qg2+ 38. Ke3 Qxc2 39. Kxf3 Qxb2
40. Nb5 Qb3+ 41. Kf2 Qxc4 42. Nc7 Qd4+ 43. Kf1 Rxe4 44. Qd8+ Kh7 45. Qxg5 Rf4+
46. Ke1 Qe3+ 0-1

[Event "Mechanics' Winter TNM; G/2"]
[Site "San Francisco"]
[Date "2017.02.14"]
[Round "7.24"]
[White "Rakonitz, David"]
[Black "Moor, William"]
[Result "1-0"]
[WhiteElo "1717"]
[BlackElo "1400"]
[PlyCount "81"]
[EventDate "2017.??.??"]

1. d4 d5 2. Nf3 Nf6 3. c4 c6 4. Nc3 e6 5. Bg5 Be7 6. e3 Nbd7 7. Bd3 dxc4 8.
Bxc4 a6 9. Bd3 O-O 10. O-O h6 11. Bh4 b5 12. Rc1 Bb7 13. Ne4 c5 14. Nxc5 Nxc5
15. dxc5 Bxf3 16. gxf3 g5 17. Bg3 Rc8 18. b4 Nd5 19. a3 f5 20. Be5 Bf6 21. Bxf6
Qxf6 22. Qc2 Rf7 23. Kh1 h5 24. Rg1 Kg7 25. Rg2 Kh6 26. Qb1 Rcc7 27. Qa1 e5 28.
Rd1 Rfd7 29. Bc2 g4 30. fxg4 hxg4 31. Bb3 Ne7 32. Rgg1 Qc6+ 33. Rg2 Rxd1+ 34.
Qxd1 Rd7 35. Qc2 Qf3 36. Kg1 Nc6 $4 {Diagram [#]} 37. Rg3 $1 Nd4 38. exd4 Qf4
39. d5 Kg5 40. Qc3 Kh4 41. Qe3 1-0

[Event "Mechanics' Fall TNM; G/2 d5"]
[Site "San Francisco"]
[Date "2017.12.05"]
[Round "7.26"]
[White "Rakonitz, David"]
[Black "Porlares, Teodoro"]
[Result "1-0"]
[WhiteElo "1583"]
[BlackElo "1854"]
[PlyCount "97"]
[EventDate "2017.??.??"]

1. d4 Nf6 2. Nf3 e6 3. c4 Bb4+ 4. Nbd2 O-O 5. g3 d5 6. a3 Be7 7. Bg2 a5 8. O-O
c5 9. b3 Nc6 10. Bb2 h6 11. Qc2 cxd4 12. Nxd4 Qb6 13. e3 Bd7 14. cxd5 Nxd5 15.
Nc4 Qd8 16. Rfd1 Nxd4 17. Bxd4 b5 18. Ne5 Rc8 19. Qd2 Be8 20. Bb2 Nf6 21. Qxd8
Bxd8 22. Rac1 Rxc1 23. Rxc1 Nh7 24. Nf3 f6 25. Nd4 Bd7 26. Bc6 Bxc6 27. Rxc6 e5
28. Nxb5 Rf7 29. Kf1 Rd7 30. Rd6 Nf8 31. Ke2 Kf7 32. Rxd7+ Nxd7 33. Nd6+ Ke6
34. Nb7 Bb6 35. Bc3 a4 36. bxa4 Kd5 37. Bb4 f5 38. a5 Bc7 39. a6 Bb6 40. Nd6 g6
41. Nc8 e4 42. Ne7+ Ke6 43. Nxg6 Kf6 44. Nf4 Ba7 45. Nd5+ Ke5 46. Ne7 Bb6 47.
Nc8 h5 48. a7 Bxa7 49. Nxa7 1-0

[Event "Mechanics' Summer TNM; G/2 d5"]
[Site "San Francisco"]
[Date "2017.06.06"]
[Round "3.28"]
[White "Rakonitz, David"]
[Black "Robertson, Terrance"]
[Result "0-1"]
[WhiteElo "1750"]
[BlackElo "1421"]
[Annotator "Donaldson"]
[PlyCount "116"]
[EventDate "2017.??.??"]

1. d4 d5 2. Nf3 Nf6 3. c4 e6 4. Nc3 Be7 5. Bg5 O-O 6. e3 h6 7. Bh4 b6 8. cxd5
Nxd5 9. Bg3 Bb7 10. Be2 Nd7 11. O-O c5 12. Rc1 Nxc3 13. Rxc3 Bd5 14. a3 Rc8 15.
Ba6 Ra8 16. Bc4 cxd4 17. exd4 Nf6 18. Bxd5 exd5 19. Bc7 Qe8 20. Be5 Ne4 21. Rc7
f6 22. Bf4 g5 23. Bg3 Nxg3 24. hxg3 Bd6 25. Rc3 Rc8 26. Re1 Qd7 27. Qc2 Rxc3
28. Qxc3 Rc8 29. Qd3 Kg7 30. Qe2 b5 31. Qe6 Qxe6 32. Rxe6 Rd8 33. Kf1 Kf7 34.
Re2 Rc8 35. Ke1 Rc4 36. Kd2 b4 37. axb4 Bxb4+ 38. Kd3 a5 39. Rc2 Rxc2 40. Kxc2
Ke6 41. g4 a4 42. Nd2 Kd6 43. Nf1 Be1 44. f3 Bf2 45. Kd3 Kc6 46. Nd2 Kb5 47.
Nb1 Be1 $2 (47... Kb4 $1 {should win} 48. Nc3 Kb3 49. Nxd5 Kxb2) 48. Na3+ Kb4
$4 {This move is brave, but should lose.} (48... Ka5 $11) 49. Nc2+ Kb3 50. Nxe1
Kxb2 51. Nc2 ({Or} 51. Kd2 a3 52. Nc2 Kb3 53. Kd3 Kb2 54. Nb4 Kb3 55. Na2 Kb2
56. Kd2 Kb3 57. Kc1 {wins} Kc4 58. Kc2 Kxd4 59. Kb3 Ke3 60. Nb4 d4 61. Nc2+ Kd3
(61... Kf2 62. Nxd4 Kxg2 63. Kxa3 Kf2 64. Kb3 Ke3 65. Kc4) 62. Nxa3 {winning.})
51... a3 (51... Kb3 52. Kd2 a3 53. Kd3 Kb2 54. Nb4 Kb3 55. Na2 Kxa2 $4 (55...
Kb2 56. Kd2 Kb3) 56. Kc2 Ka1 57. Kb3 a2 (57... Kb1 58. Kxa3 Kc2 59. Kb4 Kd3 60.
Kc5 {winning}) 58. Kc2) 52. Nb4 a2 {Diagram [#]} (52... Kb3 53. Na2 $1 Kb2 54.
Kd2 Kb3 (54... Kb1 55. Kc3) 55. Kc1) 53. Nxa2 $4 (53. Nc2 {still wins.} Kb1 (
53... Kb3 54. Na1+ Kb2 55. Kd2 Kb1 (55... Kxa1 56. Kc2 $22 f5 57. gxf5) 56. Kc3
Kc1 57. Nb3+ Kb1 58. g3) (53... a1=Q 54. Nxa1 Kxa1 55. Kc3 Ka2 56. Kb4 Kb2 57.
Kc5 Kc3 58. Kxd5) 54. Kd2 Kb2 55. Na1 Kb1 56. Kc3 Kc1 57. Nb3+ Kb1 58. g3 {
transposes and wins.}) 53... Kxa2 54. Kc3 Ka3 55. g3 Ka4 56. f4 Ka3 57. Kd3 Kb3
58. f5 Kb4 0-1

[Event "Mechanics' Winter TNM; G/2"]
[Site "San Francisco"]
[Date "2017.01.17"]
[Round "3.9"]
[White "Rakonitz, David"]
[Black "Tracy, Joseph J"]
[Result "1/2-1/2"]
[WhiteElo "1717"]
[BlackElo "2163"]
[PlyCount "53"]
[EventDate "2017.??.??"]

1. d4 e6 2. Nf3 f5 3. c4 Nf6 4. Bg5 Bb4+ 5. Nbd2 b6 6. e3 Bb7 7. a3 Be7 8. Bd3
d6 9. Bxf6 Bxf6 10. Qe2 d5 11. Rc1 Nd7 12. cxd5 exd5 13. Bxf5 c5 14. O-O O-O
15. Qb5 Nb8 16. Qb3 Na6 17. Qc2 g6 18. Bxg6 hxg6 19. Qxg6+ Bg7 20. Ng5 Rf6 21.
Qh7+ Kf8 22. Ndf3 Qd6 23. Qh5 Re8 24. Nh7+ Ke7 25. Nxf6 Qxf6 26. Qe5+ Kd7 27.
Qxf6 1/2-1/2

[Event "Mechanics' Spring TNM; G/2"]
[Site "San Francisco"]
[Date "2017.04.18"]
[Round "6.39"]
[White "Rakonitz, David"]
[Black "White, Benjamin M"]
[Result "1/2-1/2"]
[WhiteElo "1717"]
[BlackElo "1296"]
[PlyCount "74"]
[EventDate "2017.??.??"]

1. d4 f5 2. Bg5 Nf6 3. Bxf6 exf6 4. e3 d5 5. Bd3 Nc6 6. Nf3 Be6 7. Nbd2 Qd7 8.
O-O g5 9. a3 h5 10. Rc1 h4 11. c4 g4 12. Ne1 Bd6 13. cxd5 Bxd5 14. Bc4 Bxh2+
15. Kxh2 g3+ 16. Kg1 gxf2+ 17. Rxf2 h3 18. Bxd5 Qxd5 19. Qf3 Qf7 20. Qxf5 hxg2
21. Rxg2 Rh5 22. Qg6 Qxg6 23. Rxg6 Kf7 24. Rg2 Rah8 25. Kf2 Rb5 26. Nd3 Rh3 27.
Ke2 Rh8 28. Rcg1 Ne7 29. Rg7+ Kf8 30. Ne4 Nf5 31. Rxc7 Rh2+ 32. Kf3 Rh3+ 33.
Ng3 Nh4+ 34. Kf4 Rg5 35. e4 Ng6+ 36. Kf3 Nh4+ 37. Kf4 Ng6+ 1/2-1/2

[Event "Mechanics' Winter TNM; G/2"]
[Site "San Francisco"]
[Date "2017.01.31"]
[Round "5.40"]
[White "Reed, Nicholas"]
[Black "Abraham, Michael D"]
[Result "0-1"]
[WhiteElo "836"]
[BlackElo "1527"]
[PlyCount "64"]
[EventDate "2017.??.??"]

1. e4 c5 2. Nc3 d6 3. f4 Nc6 4. Bb5 a6 5. Bxc6+ bxc6 6. Nf3 Bg4 7. h3 Bxf3 8.
Qxf3 e6 9. e5 d5 10. d3 Ne7 11. g4 d4 12. Ne4 Nd5 13. O-O Be7 14. c3 O-O 15. f5
f6 16. exf6 Nxf6 17. fxe6 Nd5 18. Qg2 dxc3 19. Rxf8+ Kxf8 20. Qf2+ Kg8 21. Qf7+
Kh8 22. g5 Qb6 23. Nxc3 Rf8 24. Nxd5 cxd5 25. Qxe7 c4+ 26. Kg2 Qf2+ 27. Kh1
Qe1+ 28. Kh2 Qe2+ 29. Kg3 Rf3+ 30. Kh4 Qf2+ 31. Kh5 g6+ 32. Kh6 Qh4# 0-1

[Event "Mechanics' Summer TNM; G/2 d5"]
[Site "San Francisco"]
[Date "2017.06.20"]
[Round "5.47"]
[White "Reed, Nicholas"]
[Black "Badgett Jr, James"]
[Result "1/2-1/2"]
[WhiteElo "1216"]
[BlackElo "940"]
[PlyCount "44"]
[EventDate "2017.??.??"]

1. e4 e5 2. Nf3 Nc6 3. Bc4 Nh6 4. d3 Be7 5. Bxh6 gxh6 6. h4 h5 7. Bb5 a6 8.
Bxc6 dxc6 9. Nc3 Be6 10. Nxe5 Rg8 11. g3 Qd4 12. Nf3 Qb4 13. Qd2 Qxb2 14. Rb1
Qa3 15. Nd4 Bb4 16. Nde2 Bxa2 17. Ra1 Qb2 18. Rxa2 Qxa2 19. Nxa2 Bxd2+ 20. Kxd2
O-O-O 21. Nf4 Rge8 22. f3 Re5 1/2-1/2